| 000 | 00981nam a22002897a 4500 | ||
|---|---|---|---|
| 003 | BUBTL | ||
| 008 | 131006b xxu||||| |||| 00| 0 eng d | ||
| 020 | _a9788131710005 | ||
| 024 | _cAvailable | ||
| 037 | _cAvailable | ||
| 040 |
_aMBSTU LIBRARY _dMBSTU LIBRARY |
||
| 082 |
_222 _a621.3/ P9401d/ 2007 |
||
| 100 |
_aProakis, John G. _92395 |
||
| 245 |
_aDigital signal processing: _bprinciples, algorithm and applications / _cJohn G.Proakis, Dimitris G Manolakis |
||
| 250 | _a4th Edn. | ||
| 260 |
_aNew Delhi: _bPearson, _cc2007. |
||
| 300 |
_axix, 1136 p.: _c23.5 cm. |
||
| 365 |
_b354.00 _d354.00 |
||
| 500 | _aIncludes Index | ||
| 505 | _aDigital signal processing, principles, algorithm, applications, John G. Proakis, Dimitris G Manolakis | ||
| 600 | _2Computer programs and programming. | ||
| 650 | 0 |
_9457 _aComputer Science |
|
| 700 |
_aManolakis, Dimitris G. _92394 |
||
| 856 |
_k0 _l0 _yDownload |
||
| 942 |
_2ddc _cBK |
||
| 999 |
_c706 _d706 |
||